the 15 most populous brazil states - Statistics

General Stats
  • This quiz has been taken 29 times
  • The average score is 13 of 15
Answer Stats
population Answer % Correct
17 mil Rio de Janeiro
100%
46 mil São Paulo
100%
8 mil Pará
95%
7 mil Santa Catarina
95%
21 mil Minas Gerais
89%
11 mil Paraná
89%
9 mil Pernambuco
89%
11 mil Rio Grande do Sul
89%
4 mil Amazonas
84%
15 mil Bahia
84%
4 mil Espírito Santo
84%
9 mil Ceará
79%
7 mil Goiás
79%
4 mil paraíba
79%
7 mil Maranhão
74%
No matching quizzes found
Score Distribution
Percent of People with Each Score
Percentile by Number Answered
Your Score History
You have not taken this quiz